000 00253nam a2200097Ia 4500
001 1227373
005 20250827093022.0
008 250824s9999 xx 000 0 und d
245 0 _aHZ.ZEYNEP
_cAHMET BATMAN
260 _bDESTEK YAYINLARI
999 _c1227373
_d1227373